000 00441nam a22001577a 4500
005 20251108164158.0
008 250721s1979 xx 000 0 ara d
082 1 4 _a301.32/عبد
100 1 _aعبد الرحيم، عبد المجيد
245 1 0 _aعلم الإجتماع السكاني /
264 1 _aالقاهرة :
_bمكتبة غريب،
_c1979.
300 _a206ص
650 1 7 _aالسكان
942 _2ddc
_cBK
999 _c5621
_d5621